| 000 | 00331nam a22001337a 4500 | ||
|---|---|---|---|
| 020 | _a978-0-141-32271-1 | ||
| 082 |
_a823 _bDAH/C |
||
| 100 | _aROALD DAHL | ||
| 245 | _aCHARLIE AND THE CHOCOLATE FACTORY | ||
| 260 |
_aUNITED KINGDOM _bPUFFIN BOOKS _c2007 |
||
| 300 | _a190 | ||
| 650 |
_aCHILDREN'S STORY BOOK _zUNITED KINGDOM |
||
| 942 | _cBK | ||
| 999 |
_c40 _d40 |
||